Psychology a very short introduction (Record no. 2870)

000 -LEADER
fixed length control field 00453nam a22001337a 4500
020 ## - INTERNATIONAL STANDARD BOOK NUMBER
International Standard Book Number 019547077X
082 ## - DEWEY DECIMAL CLASSIFICATION NUMBER
Classification number 150
100 ## - MAIN ENTRY--PERSONAL NAME
Personal name Gillian Butler et al
245 ## - TITLE STATEMENT
Title Psychology a very short introduction
260 ## - PUBLICATION, DISTRIBUTION, ETC.
Place of publication, distribution, etc. New York
Name of publisher, distributor, etc. Oxford university press
Date of publication, distribution, etc. 2000.
300 ## - PHYSICAL DESCRIPTION
Extent 161p
942 ## - ADDED ENTRY ELEMENTS (KOHA)
Koha item type Book
Holdings
Withdrawn status Lost status Damaged status Not for loan Collection code Permanent Location Current Location Shelving location Date acquired Total Checkouts Total Renewals Full call number Barcode Date last seen Date last checked out Price effective from Koha item type
          Central Library (CL) Central Library (CL) General Stacks 03/22/2016 7 3 150 BUT S3H-N-191 01/03/2026 12/11/2025 03/22/2016 Book
© 2023 Central Library, National University of Sciences and Technology. All Rights Reserved.